000 00364nam a2200133Ia 4500
008 231129s9999||||xx |||||||||||||| ||spa||
020 _a950-15-1387-4
040 _bspa
082 _a658.8 C587r
100 _aClancy Kevin J.
245 0 _aLa revolución del marketing
264 _aJavier Vergara Editor
942 _2ddc
_cBKS
999 _c18131
_d18131